000 00877nam a2200253Ia 4500
003 OSt
005 20220923220054.0
006 a|||||r|||| 00| 0
007 ta
008 220922b |||||||| |||| 00| 0 hin d
024 _a184,019
037 _cTextual
040 _aARTS
_cARTS
_bhin
041 _2hin
_ahin
082 _aO152,1NDU3x, K4
100 _aचौधरी, राजेन्द्र, धूमकेतु
_9162028
245 0 _aसागर के गीत
246 _aSāgar ke gīta
260 _aमुजफरनगर
_b अभिनव साहित्य प्रकाशन
_c1964
300 _a104 पृ.
_ccm.
650 _aहिन्दी साहित्य
_9156264
942 _hO152,1NDU3x, K4
_cTEXL
_2CC
999 _c337318
_d337318